| 000 | 00742nam a2200181 u 4500 | ||
|---|---|---|---|
| 005 | 20210223132848.0 | ||
| 008 | 160308s2003 mx r 000 0 spa d | ||
| 035 | _aUPN01000208845 | ||
| 049 | _aF | ||
| 050 | 4 |
_aGV365.5 M6 _bF6.7 |
|
| 245 | 0 | 0 |
_aFortalecimiento de la educación física en Iztapalapa : _benriquecimiento y mejora de la gestión escolar y los procesos de enseñanza y aprendizaje de las comunidades escolares : ciclo escolar 2003-2004. |
| 260 |
_aMéxico : _bSEP, Subsecretaría de Servicios Educativos para el Distrito Federal, _c2003. |
||
| 300 | _a31 p. | ||
| 650 | 4 |
_aEDUCACION FISICA - _xESTUDIO Y ENSEÑANZA - _zMEXICO _927001 |
|
| 650 | 4 |
_aEDUCACION FISICA - _vMANUALES _922438 |
|
| 905 | _aLibro | ||
| 999 |
_c180946 _d180946 |
||